Rasulullah Saw Pemimpin mithali
| Main Author: | |
|---|---|
| Format: | Book |
| Published: |
Kuala Lumpur :
Dinie Publishing ,
1993
|
| Subjects: |
MARC
| LEADER | 00000cam a2200000 7i4500 | ||
|---|---|---|---|
| 001 | 0000004976 | ||
| 002 | 000005365 | ||
| 005 | 20000330.0 | ||
| 020 | |a 9839601393 | ||
| 090 | 0 | 0 | |a 297.63 |b JAB |
| 100 | 0 | |a Jabir Qamihah |f Dr | |
| 245 | 1 | 0 | |a Rasulullah Saw Pemimpin mithali |c Dr.Jabir Qamihah |
| 260 | |a Kuala Lumpur : |b Dinie Publishing , |c 1993 | ||
| 300 | |a 139 p. ; |c 21 cm. | ||
| 650 | 0 | 0 | |a Prophet Muhammad S.A.W |
| 999 | |a 033533 |b BUKU |c PINJAMAN |e PERPUSTAKAAN KOMUNITI PETALING JAYA | ||